000 00814nam a2200217 a 4500
001 000021688
005 20240409073639.0
008 100910t1956 dr r 011 0dspa d
040 _aDO-SdBNP
_bspa
_cBNPHU
082 _a282.7293
_bC422t, 1956
100 1 _aCestero-Burgos, Tulio,
_d1902-
_945116
245 1 0 _aTrujillo y el cristianismo /
_cTulio Cestero-Burgos.
250 _a2ª ed.
260 _aCiudad Trujillo, República Dominicana :
_bLibrería Dominicana,
_c1956.
300 _a104 p. ;
_c22 cm.
590 _aInventariado, 2019/BT
600 1 0 _aTrujillo Molina, Rafael Leónidas,
_d 1891-1961
_976764
650 4 _aIglesia católica
_zRepública Dominicana
_xHistoria
_ySIGLO XX
_912043
650 4 _aIglesia y estado
_zRepública Dominicana
_xSiglo xx
_931455
910 _aValidado. Control de calidad. EMS
999 _c21187
_d21187